Hrádza

Bibliographic Details
Main Author: Bobok, Jozef, 1924-2004 (Author)
Format: Article
Language:Slovak
Subjects:

MARC

LEADER 00000nab a2200000 a 4500
001 vtls000533044
003 SK-MaSNL
005 20260303010027.0
008 131029c1994 xo 0 slo
015 |a SNBRB19rr/mm-uuuuu 
035 |a CL0533182 
040 |a SNKBUCL  |b slo  |c SNKBUCL  |e AACR2 
041 0 |a slo 
044 |a xo  |c SK 
080 |a 791.43:176.7  |2 1981 
080 |a 176.7  |2 1981 
100 1 |a Bobok, Jozef,  |d 1924-2004  |4 aut  |9 104720 
245 1 0 |a Hrádza  |c Jozef Bobok 
650 0 7 |a film  |2 snkbucl  |9 1425 
650 0 7 |a erotika  |2 snkbucl  |9 3764 
650 0 7 |a sex  |2 snkbucl  |9 2586 
655 7 |a články z novín a časopisov  |2 snkbucl  |9 267496 
773 0 |t Slovenské pohľady  |g Roč. 4+110, č. 11 (1994), s. 125-128 
850 |a Slovenská národná knižnica v Martine  |a MTA001 
852 |a SNK  |b KIS3GCP 
958 |a RK 
992 |a RBX 
999 |c 1585321  |d 1587251